| 000 | 00554nam a2200121Ia 4500 | ||
|---|---|---|---|
| 008 | 220620s9999||||xx |||||||||||||| ||und|| | ||
| 100 | _aNicholas Kreston||Dariusz Wójcik | ||
| 245 | 0 | _aResilience of US metropolitan areas to the 2008 financial crisis | |
| 546 | _aEnglish[eng] | ||
| 650 | _ainsurance||and real estate (FIRE)||metropolitan statistical area (MSA)||economic specialization||subprime mortgages||financial crisis||resilience||finance | ||
| 856 | _uhttps://www.elgaronline.com/view/edcoll/9781785360282/9781785360282.00012.xml | ||
| 942 | _cEB | ||
| 999 |
_c24010 _d24010 |
||